Il poema del vento e degli alberi / (Record no. 23598)
[ view plain ]
| 000 -LEADER | |
|---|---|
| campo di controllo lung. fissa | 00886ngm a22002537i 4500 |
| 001 - Numero di controllo | |
| campo di controllo | IT\ICCU\UBO\3381106 |
| 003 - Identificatore del numero di controllo | |
| campo di controllo | ItRI |
| 005 - Data e orario dell'ultima transazione | |
| campo di controllo | 20260124182913.0 |
| 008 - Elementi di lunghezza fissa--Informazione generale | |
| campo di controllo lung. fissa | 080226s1997 it |||||||||||||||k|||||c |
| 028 42 - Numero dell’editore o distributore | |
| Numero dell’editore o distributore | YO1901 |
| 040 ## - Fonte della catalogazione | |
| Lingua della catalogazione | ita |
| 041 #7 - Codice di lingua | |
| Codice di lingua del testo/traccia sonora o titolo separato | ita |
| Fonte del codice | ISO-639-2 |
| 130 0# - Accesso principale--titolo uniforme | |
| Titolo uniforme | Kaze to ki no uta <film ; 1987> |
| -- | IT\ICCU\UBO\3381146 |
| 245 03 - Formulazione del titolo | |
| Titolo | Il poema del vento e degli alberi / |
| Formulazione di responsabilità, ecc. | regia Yoshikazu Yasuhiko ; soggetto originale e supervisione Keiko Takemiya. |
| 260 ## - Pubblicazione, distribuzione, ecc. (stampa) | |
| Luogo di pubblicazione, distribuzione, ecc. | Milano : |
| Nome dell'editore, distributore, ecc. | Yamato, |
| Data di pubblicazione, distribuzione, ecc. | c1997 |
| 300 ## - Descrizione fisica | |
| Estensione | 1 videocassetta (VHS) (60 min.) : |
| Altre particolarità fisiche | color. (PAL), son |
| 500 ## - Nota generale | |
| Nota generale | Tit. del contenitore |
| 500 ## - Nota generale | |
| Nota generale | Film del 1987, prod. Giappone |
| 500 ## - Nota generale | |
| Nota generale | Vietato ai minori di 18 anni. |
| 700 1# - Accesso aggiunto--nome di persona | |
| Nome di persona | Yasuhiko, Yoshikazu |
| Numero del record di authority o numero standard | IT\ICCU\RMSV\673716 |
| 700 1# - Accesso aggiunto--nome di persona | |
| Nome di persona | Takemiya, Keiko |
| Numero del record di authority o numero standard | IT\ICCU\UBOV\226124 |
| 830 #0 - Accesso aggiunto di serie--titolo uniforme | |
| Titolo uniforme | Yamato series |
| Numero del record di authority o numero standard | IT\ICCU\UBO\3381191 |
| 942 ## - Dati aggiuntivi (Koha) | |
| Fonte della classificazione o dello schema di collocazione (segnatura) | Classificazione decimale Dewey |
| Tipo copia default (Koha) | Materiali visivi |
| Nasconto in Opac | No |
| Status ritirato | Status smarrito: | Status danneggiato: | Escluso dal prestito | Biblioteca di appartenenza | Biblioteca corrente | Data di acquisti | Numero d'inventario | Totale prestiti | Collocazione | Codice a barre | Data ultima revisione | Prezzo effettivo da | Tipo copia default (Koha) | Nota pubblica |
|---|---|---|---|---|---|---|---|---|---|---|---|---|---|---|
| BOLOGNA | Centro di Documentazione "Flavia Madaschi" Cassero LGBTQIA+ Center | BOLOGNA | Centro di Documentazione "Flavia Madaschi" Cassero LGBTQIA+ Center | 24/01/2026 | 7107 | VO 530 | BO7107 | 24/01/2026 | 24/01/2026 | Materiali visivi | 1 videocassetta |